| 000 | 00769nam a2200193 i 4500 | ||
|---|---|---|---|
| 001 | 31948 | ||
| 003 | ES-MaACL | ||
| 005 | 20230906154459.0 | ||
| 007 | t| | ||
| 008 | 030130s1905 sp ||||1| spa d | ||
| 100 | 1 |
_aBenítez, Cecilio. _927598 |
|
| 245 | 1 | 0 |
_aCampaña contra el pulgón del olivo Psylla Oleae (Fousc) en el término de Bailén (Provincia de Jaén) / _cMemoria formulada por los Ingenieros agrónomos D. Leandro Navarro Perez y D. Cecilio Benitez. |
| 260 |
_aMadrid : _b[s.n.], _c1905 ( _fHijos de M.G. Hernández) |
||
| 300 |
_a39 p., 4 lám., 1 h. ; _c23 cm. |
||
| 594 | _aPrecede al tít.: Ministerio de Agricultura... | ||
| 650 | 4 |
_aOlivos- _xPlagas y enfermedades. _9156119 |
|
| 700 | 1 |
_aNavarro, Leandro. _985079 |
|
| 852 |
_aES-MaACL _jT-1165-F-4 |
||
| 999 |
_c31948 _d31948 |
||